Manón Lescaut (Record no. 114970)

MARC details
000 -LEADER
campo de control de longitud fija 01127nam a2200265 i 4500
001 - NÚMERO DE CONTROL
campo de control 114970
003 - IDENTIFICADOR DE NÚMERO DE CONTROL
campo de control ES-MaACL
005 - FECHA Y HORA DE LA ÚLTIMA TRANSACCIÓN
campo de control 20250927115510.0
007 - CAMPO FIJO DE DESCRIPCIÓN FÍSICA--INFORMACIÓN GENERAL
campo de control de longitud fija t|
008 - DATOS DE LONGITUD FIJA--INFORMACIÓN GENERAL
campo de control de longitud fija 070214s1932 sp ||||1| spa d
080 ## - NÚMERO DE LA CLASIFICACIÓN DECIMAL UNIVERSAL
Número de la Clasificación Decimal Universal 860-23"19"
100 1# - ENTRADA PRINCIPAL--NOMBRE DE PERSONA
Nombre de persona Fernández Ardavín, Luis,
Fechas asociadas al nombre 1891-1962
9 (RLIN) 49469
245 10 - MENCIÓN DEL TÍTULO
Título Manón Lescaut
Resto del título : adaptación escénica de la famosa novela del abate Prevost, en tres actos, cada uno de ellos dividido en dos cuadros, y en verso /
Mención de responsabilidad, etc. Luis F. Ardavín y Valentín de Pedro ; dibujos de Antonio Merlo.
260 ## - PUBLICACIÓN, DISTRIBUCIÓN, ETC.
Lugar de publicación, distribución, etc. Madrid :
Nombre del editor, distribuidor, etc. Rivadeneyra,
Fecha de publicación, distribución, etc. 1932.
300 ## - DESCRIPCIÓN FÍSICA
Extensión 76 p. :
Otras características físicas il. ;
Dimensiones 17 cm.
490 1# - MENCIÓN DE SERIE
Mención de serie La Farsa ;
Designación de volumen o secuencia 241
500 ## - NOTA GENERAL
Nota general Estrenada la noche del 1º de abril de 1932 en el Teatro Cómico, de Madrid, por la Compañía de Carmen Moragas.
500 ## - NOTA GENERAL
Nota general Cubierta de este número: Carmen Moragas y Rafael Calvo en una escena de Manón Lescaut.
700 1# - ENTRADA AGREGADA--NOMBRE PERSONAL
Nombre de persona Pedro, Valentín de.
9 (RLIN) 89917
700 1# - ENTRADA AGREGADA--NOMBRE PERSONAL
Nombre de persona Merlo, Antonio.
9 (RLIN) 80579
700 0# - ENTRADA AGREGADA--NOMBRE PERSONAL
Nombre de persona Prévost, Antoine François,
Fechas asociadas al nombre 1697-1763
9 (RLIN) 93814
830 0# - PUNTO DE ACCESO ADICIONAL DE SERIE-TÍTULO UNIFORME
Título uniforme La Farsa ;
Designación de volumen o secuencia 241
9 (RLIN) 185863
852 ## - LOCALIZACIÓN
Ubicación ES-MaACL
Número de control de estantería C-13216
Holdings
Estatus retirado Estado de pérdida Estado de daño No para préstamo Biblioteca de origen Biblioteca actual Ubicación en estantería Fecha de adquisición Fuente de adquisición Total de préstamos Signatura topográfica completa Código de barras Visto por última vez Precio de reemplazo Tipo de ítem Koha
        Biblioteca del Ateneo de Madrid Biblioteca del Ateneo de Madrid Sala Palomar 17/01/2008     C-13216 1119891 23/02/2023 23/02/2023 Libro impreso